Top 10 Pineapple Producing Countries - Statistics

General Stats
  • This quiz has been taken 22 times
  • The average score is 8 of 10
Answer Stats
Boxes of Pineapples Country % Correct
2.6 M Brazil
91%
1.1 M Colombia
86%
3.6 M Indonesia
86%
2.2 M China
82%
2 M India
82%
1.4 M Mexico
82%
3.4 M Philippines
77%
1.9 M Thailand
77%
3.4 M Costa Rica
45%
1.7 M Nigeria
45%
No matching quizzes found
Score Distribution
Percent of People with Each Score
Percentile by Number Answered
Your Score History
You have not taken this quiz